| 000 | 00606cam a2200193 4500500 | ||
|---|---|---|---|
| 005 | 20260405004103.0 | ||
| 041 | _afre | ||
| 042 | _adc | ||
| 100 | 1 | 0 |
_aTassin, Jacques _eauthor |
| 245 | 0 | 0 | _aLe badamier vu par Jacques Tassin |
| 260 | _c2022. | ||
| 500 | _a76 | ||
| 690 | _aArbre | ||
| 690 | _aNature | ||
| 690 | _aVégétal | ||
| 690 | _aVivant | ||
| 786 | 0 | _nPhilosophie magazine - Hors séries | Hors-série - Pritemps-été 2022 | HS53 | 2022-04-01 | p. 33-33 | 2104-9246 | |
| 856 | 4 | 1 | _uhttps://shs.cairn.info/magazine-philosophie-magazine-2022-3-6-page-33?lang=fr&redirect-ssocas=7080 |
| 999 |
_c2073594 _d2073594 |
||